[Event "GER-ch U25-B"]
[Site "Willingen"]
[Date "2023.05.31"]
[Round "6"]
[White "Farokhi, Darian"]
[Black "Mohebbi, Sam"]
[Result "0-1"]
[WhiteElo "1455"]
[BlackElo "1555"]
[PlyCount "106"]
[EventDate "2023.05.27"]
[EventType "swiss"]
[EventRounds "9"]
[EventCountry "GER"]
[SourceTitle "CBM 214 Extra"]
[Source "ChessBase"]
[SourceDate "2023.07.31"]
[SourceVersion "1"]
[SourceVersionDate "2023.07.31"]
[SourceQuality "1"]

1. e4 e6 2. d4 d5 3. e5 c5 4. c3 Qb6 5. Nf3 Bd7 6. a3 Bb5 7. Bd3 Bxd3 8. Qxd3 cxd4 9. cxd4 Ne7 10. b4 Nbc6 11. 0-0 Nf5 12. Bb2 Be7 13. Nbd2 0-0 14. Nb3 Rac8 15. Rac1 Nh4 16. Nxh4 Bxh4 17. Rc2 Rc7 18. f4 f6 19. Rf3 fxe5 20. Rh3 e4 21. Qe3 Bf6 22. Nc5 Ne7 23. Qd2 Nf5 24. g4 Nh4 25. g5 Nf3+ 26. Rxf3 exf3 27. gxf6 Rxf6 28. Bc1 Rg6+ 29. Kh1 Rg2 30. Qd1 Rxc2 31. Qxc2 Qb5 32. Qf2 b6 33. Qxf3 bxc5 34. bxc5 Qb1 35. Qc3 Qb5 36. Qe1 Kf7 37. Kg2 Qd3 38. Qd2 Qxd2+ 39. Bxd2 Rc6 40. Kf3 Ra6 41. Bb4 Ra4 42. c6 Ke8 43. Ke3 a5 44. Bd6 Rc4 45. c7 Kd7 46. Be5 Rc3+ 47. Kd2 Rxa3 48. Kc2 Ra2+ 49. Kb3 Rxh2 50. Bxg7 Kxc7 51. f5 Rh3+ 52. Ka4 exf5 53. Kxa5 Kc6 0-1

[Event "DSOL 04 Liga Gr-D 1st"]
[Site "Playchess.com INT"]
[Date "2020.07.17"]
[Round "4.2"]
[White "Farokhi, Darian"]
[Black "Pahne, Dirk"]
[Result "1/2-1/2"]
[WhiteElo "1463"]
[BlackElo "1903"]
[PlyCount "81"]
[EventDate "2020.06.22"]
[EventType "team-tourn (rapid)"]
[EventCountry "GER"]
[SourceTitle "EXT 2021"]
[Source "ChessBase"]
[SourceDate "2020.10.23"]
[SourceVersion "1"]
[SourceVersionDate "2020.10.23"]
[SourceQuality "1"]
[WhiteTeam "Kiel Doppelbauer"]
[BlackTeam "Eving SV Rochade"]
[WhiteTeamCountry "GER"]
[BlackTeamCountry "GER"]

1. e4 c5 2. Nf3 g6 3. d4 cxd4 4. Nxd4 Bg7 5. c4 d6 6. Nc3 Nf6 7. Be2 0-0 8. 0-0 Nc6 9. Be3 Bd7 10. Qd2 Nxd4 11. Bxd4 Bc6 12. f3 Ne8 13. Bxg7 Nxg7 14. Rac1 Re8 15. Rfd1 Qa5 16. b3 Rac8 17. Nd5 Qxd2 18. Rxd2 Bxd5 19. exd5 Rc7 20. Bd3 Rec8 21. Re1 Kf8 22. Rde2 Nh5 23. g4 Nf4 24. Re3 Nxd3 25. Rxd3 Rc5 26. Rde3 R8c7 27. a4 a6 28. Re4 b5 29. axb5 axb5 30. Rc1 Rxd5 31. cxd5 Rxc1+ 32. Kf2 Rc2+ 33. Re2 Rxe2+ 34. Kxe2 e5 35. Kd3 f5 36. g5 Ke7 37. b4 h6 38. h4 hxg5 39. hxg5 Kf7 40. Ke3 Ke7 41. Kd3 1/2-1/2

[Event "Dortmund Sparkassen op-C 47th"]
[Site "Dortmund"]
[Date "2019.07.13"]
[Round "1"]
[White "Farokhi, Darian"]
[Black "Radeck, Leon"]
[Result "1/2-1/2"]
[WhiteElo "1253"]
[BlackElo "761"]
[PlyCount "72"]
[EventDate "2019.07.13"]
[EventType "swiss"]
[EventRounds "9"]
[EventCountry "GER"]
[SourceTitle "CBM 192 Extra"]
[Source "Chessbase"]
[SourceDate "2019.11.06"]
[SourceVersion "1"]
[SourceVersionDate "2019.11.06"]
[SourceQuality "1"]

1. e4 c5 2. Nf3 Nc6 3. d4 cxd4 4. Nxd4 Nxd4 5. Qxd4 e6 6. b3 f6 7. Bb2 Qc7 8. Bc4 Bc5 9. Qd3 b6 10. 0-0 Ne7 11. Nd2 a6 12. Qf3 b5 13. Bd3 0-0 14. c4 bxc4 15. Nxc4 Bb7 16. Qh3 h6 17. e5 f5 18. Rad1 Rad8 19. Nd6 Bxd6 20. exd6 Qxd6 21. Bxf5 Qc6 22. Qg3 g5 23. Bb1 Nf5 24. Qh3 h5 25. Qf3 Qxf3 26. gxf3 Bxf3 27. Rd2 g4 28. Re1 h4 29. Rd3 Bb7 30. h3 g3 31. fxg3 Nxg3 32. Rd4 Kf7 33. Rxh4 Ke7 34. Ba3+ d6 35. Rh7+ Rf7 36. Rxf7+ Kxf7 1/2-1/2

[Event "Langenhagen Summer op 1st"]
[Site "Langenhagen"]
[Date "2019.07.05"]
[Round "4"]
[White "Farokhi, Darian"]
[Black "Rehbein, Vitus"]
[Result "1/2-1/2"]
[WhiteElo "1110"]
[BlackElo "1356"]
[PlyCount "50"]
[EventDate "2019.07.04"]
[EventType "swiss"]
[EventRounds "7"]
[EventCountry "GER"]
[SourceTitle "EXT 2020"]
[Source "ChessBase"]
[SourceDate "2019.10.17"]
[SourceVersion "1"]
[SourceVersionDate "2019.10.17"]
[SourceQuality "1"]

1. e4 d6 2. d4 g6 3. Nf3 Bg7 4. Nc3 Nf6 5. Be3 0-0 6. Bd3 Nc6 7. 0-0 e5 8. d5 Ne7 9. Qd2 Nd7 10. Rad1 f5 11. Bg5 f4 12. Rfe1 h6 13. Bxe7 Qxe7 14. Nb5 Nb6 15. h3 a6 16. Nc3 g5 17. Bf1 Bf6 18. g3 Qg7 19. Bg2 Kh8 20. Ne2 Rg8 21. Nh2 Bd7 22. Ng4 Raf8 23. Qc3 Bxg4 24. hxg4 Bd8 25. Qf3 Rf7 1/2-1/2